| 000 | 01088nam a2200349Ia 4500 | ||
|---|---|---|---|
| 999 |
_c5734 _d5734 |
||
| 001 | 2387799 | ||
| 003 | OCoLC | ||
| 005 | 20190109174846.0 | ||
| 008 | 760730s1976 nmu 000 0 eng | ||
| 010 | _a75046073 | ||
| 020 | _a0890160201 | ||
| 020 | _a0890160198 | ||
| 040 |
_aDLC _cDLC _dKSU _dUtOrBLW _dUtOrBLW |
||
| 050 | 0 |
_aPS3562.A68 _bF5 |
|
| 082 | 0 | _a811/.5/4 | |
| 100 | 1 |
_aLarcombe, Sam, _d1940- |
|
| 245 | 1 | 0 |
_aFirst poems / _cSam Larcombe |
| 250 | _a1st ed | ||
| 260 |
_aSanta Fé, New Mexico : _bThe Lightning Tree, _cc1976 |
||
| 300 |
_a64 p. ; _c18 cm |
||
| 336 |
_atext _btxt _2rdacontent |
||
| 337 |
_aunmediated _bn _2rdamedia |
||
| 338 |
_avolume _bnc _2rdacarrier |
||
| 490 | 0 |
_aThe Lightning Tree contemporary poets ; _vno. 2 |
|
| 500 | _a"First Edition"--Title page verso | ||
| 563 | _aBound in printed paper wrappers | ||
| 655 | 7 |
_aAuthors' inscriptions (Provenance) _2rbprov |
|
| 655 | 7 |
_aAuthors' presentation copies (Provenance) _2rbprov |
|
| 700 | 1 |
_aLarcombe, Sam, _d1940- _einscriber |
|
| 942 |
_2ddc _cBK |
||